[Event "DEM U10w 2024"]
[Site "Willingen GER"]
[Date "2024.05.20"]
[Round "3"]
[White "Jänsch, Layla"]
[Black "Wittmann, Finja-Marie"]
[Result "1-0"]
[Termination "normal"]
[Board "19"]
[WhiteElo "962"]
[BlackElo "763"]
[WhiteClock "01:01:51"]
[BlackClock "01:20:08"]
[PlyCount "69"]
[BlackFideId "34673903"]
[EventCountry "GER"]
[EventRounds "11"]
[EventType "swiss"]
[EventDate "2024.05.18"]

1. e4 {[%clk 01:15:58]} {[%emt 00:00:02]} e5 {[%clk 01:15:54]} {[%emt
00:00:06]} 2. Nf3 {[%clk 01:16:25]} {[%emt 00:00:03]} Nf6 {[%clk 01:16:18]}
{[%emt 00:00:06]} 3. Nc3 {[%clk 01:16:49]} {[%emt 00:00:06]} Nc6 {[%clk
01:16:39]} {[%emt 00:00:09]} 4. d4 {[%clk 01:14:46]} {[%emt 00:02:33]} exd4
{[%clk 01:16:56]} {[%emt 00:00:13]} 5. Nxd4 {[%clk 01:14:38]} {[%emt 00:00:39]}
Bc5 {[%clk 01:16:59]} {[%emt 00:00:26]} 6. Be3 {[%clk 01:13:30]} {[%emt
00:01:38]} O-O {[%clk 01:16:52]} {[%emt 00:00:37]} 7. Nxc6 {[%clk 01:13:36]}
{[%emt 00:00:24]} bxc6 {[%clk 01:16:56]} {[%emt 00:00:26]} 8. Bxc5 {[%clk
01:13:50]} {[%emt 00:00:16]} Re8 {[%clk 01:17:22]} {[%emt 00:00:03]} 9. Qe2
{[%clk 01:12:51]} {[%emt 00:01:30]} d6 {[%clk 01:17:40]} {[%emt 00:00:12]} 10.
O-O-O {[%clk 01:12:23]} {[%emt 00:00:58]} Bf5 {[%clk 01:17:42]} {[%emt
00:00:28]} 11. f3 {[%clk 01:11:01]} {[%emt 00:01:51]} d5 {[%clk 01:18:04]}
{[%emt 00:00:10]} 12. g4 {[%clk 01:10:31]} {[%emt 00:00:59]} Nxe4 {[%clk
01:18:08]} {[%emt 00:00:25]} 13. fxe4 {[%clk 01:10:28]} {[%emt 00:00:34]} Bxe4
{[%clk 01:18:12]} {[%emt 00:00:25]} 14. Nxe4 {[%clk 01:09:14]} {[%emt
00:01:44]} Rxe4 {[%clk 01:18:36]} {[%emt 00:00:07]} 15. Qxe4 {[%clk 01:08:28]}
{[%emt 00:01:16]} Qg5+ {[%clk 01:18:41]} {[%emt 00:00:23]} 16. Be3 {[%emt
00:01:25]} Qf6 {[%clk 01:18:53]} {[%emt 00:00:17]} 17. Qf4 {[%clk 01:06:31]}
{[%emt 00:01:03]} Qe7 {[%clk 01:19:11]} {[%emt 00:00:43]} 18. Bg2 {[%clk
01:05:34]} {[%emt 00:01:23]} Qd7 {[%clk 01:18:07]} {[%emt 00:01:38]} 19. h4
{[%clk 01:03:52]} {[%emt 00:02:12]} Rb8 {[%clk 01:18:06]} {[%emt 00:00:31]} 20.
b3 {[%clk 01:03:35]} {[%emt 00:00:47]} a5 {[%clk 01:17:51]} {[%emt 00:00:46]}
21. Bh3 {[%clk 01:02:43]} {[%emt 00:01:20]} Rb4 {[%clk 01:17:57]} {[%emt
00:00:26]} 22. Rd4 {[%clk 01:01:50]} {[%emt 00:01:16]} c5 {[%clk 01:17:59]}
{[%emt 00:00:34]} 23. Rxb4 {[%clk 01:02:00]} {[%emt 00:00:21]} cxb4 {[%clk
01:18:16]} {[%emt 00:00:13]} 24. g5 {[%clk 01:02:13]} {[%emt 00:00:17]} Qb5
{[%clk 01:17:52]} {[%emt 00:00:55]} 25. Qxc7 {[%clk 01:01:08]} {[%emt
00:01:35]} Qe8 {[%clk 01:17:53]} {[%emt 00:00:28]} 26. Qc8 {[%clk 01:00:53]}
{[%emt 00:00:43]} Qf8 {[%clk 01:18:16]} {[%emt 00:00:08]} 27. Qxf8+ {[%clk
01:01:13]} {[%emt 00:00:11]} Kxf8 {[%clk 01:18:34]} {[%emt 00:00:12]} 28. Bb6
{[%clk 01:00:51]} {[%emt 00:00:47]} a4 {[%clk 01:18:18]} {[%emt 00:00:51]} 29.
bxa4 {[%clk 01:00:58]} {[%emt 00:00:24]} g6 {[%clk 01:18:35]} {[%emt 00:00:12]}
30. a5 {[%clk 01:01:14]} {[%emt 00:00:13]} Kg7 {[%clk 01:19:03]} {[%emt
00:00:03]} 31. a6 {[%clk 01:01:35]} {[%emt 00:00:10]} d4 {[%clk 01:19:28]}
{[%emt 00:00:04]} 32. Bxd4+ {[%clk 01:01:53]} {[%emt 00:00:11]} Kg8 {[%clk
01:19:42]} {[%emt 00:00:14]} 33. a7 {[%clk 01:02:14]} {[%emt 00:00:12]} h6
{[%clk 01:20:08]} {[%emt 00:00:03]} 34. a8=Q+ {[%emt 00:00:35]} Kh7 {[%emt
00:00:04]} 35. Qh8# {[%clk 01:01:51]} {[%emt 00:00:10]} 1-0

[Event "DEM U10w 2024"]
[Site "Willingen GER"]
[Date "2024.05.20"]
[Round "3"]
[White "Fahim, Lina"]
[Black "Hirtzel, Hanna Meiki"]
[Result "0-1"]
[Termination "normal"]
[Board "20"]
[WhiteElo "744"]
[BlackElo "942"]
[WhiteClock "01:06:52"]
[BlackClock "01:11:38"]
[PlyCount "28"]
[WhiteFideId "533004820"]
[EventCountry "GER"]
[EventRounds "11"]
[EventType "swiss"]
[EventDate "2024.05.18"]

1. e4 {[%clk 01:15:58]} {[%emt 00:00:02]} c6 {[%clk 01:15:54]} {[%emt
00:00:06]} 2. Nf3 {[%clk 01:16:19]} {[%emt 00:00:08]} d5 {[%clk 01:16:18]}
{[%emt 00:00:07]} 3. exd5 {[%clk 01:16:18]} {[%emt 00:00:32]} cxd5 {[%clk
01:16:38]} {[%emt 00:00:09]} 4. Bb5+ {[%clk 01:16:31]} {[%emt 00:00:17]} Nc6
{[%clk 01:16:56]} {[%emt 00:00:13]} 5. O-O {[%clk 01:16:54]} {[%emt 00:00:07]}
Bf5 {[%clk 01:17:10]} {[%emt 00:00:15]} 6. Re1 {[%clk 01:16:03]} {[%emt
00:01:21]} Nf6 {[%clk 01:17:10]} {[%emt 00:00:30]} 7. Nc3 {[%clk 01:16:16]}
{[%emt 00:00:18]} e6 {[%clk 01:16:38]} {[%emt 00:01:01]} 8. d4 {[%clk
01:15:17]} {[%emt 00:01:29]} Bd6 {[%clk 01:16:08]} {[%emt 00:01:00]} 9. Bg5
{[%clk 01:14:36]} {[%emt 00:01:11]} O-O {[%clk 01:14:57]} {[%emt 00:01:41]} 10.
a4 {[%clk 01:10:18]} {[%emt 00:04:48]} a6 {[%clk 01:14:54]} {[%emt 00:00:33]}
11. Bf1 {[%clk 01:09:36]} {[%emt 00:01:12]} Qc7 {[%clk 01:14:01]} {[%emt
00:01:22]} 12. Qd2 {[%clk 01:07:53]} {[%emt 00:02:14]} Ng4 {[%clk 01:13:23]}
{[%emt 00:01:08]} 13. Nh4 {[%clk 01:06:45]} {[%emt 00:01:38]} Ba3 {[%clk
01:12:25]} {[%emt 00:01:27]} 14. bxa3 {[%clk 01:06:52]} {[%emt 00:00:24]} Qxh2#
{[%clk 01:11:38]} {[%emt 00:00:39]} 0-1

[Event "DEM U10w 2024"]
[Site "Willingen GER"]
[Date "2024.05.20"]
[Round "3"]
[White "Seitov, Adela"]
[Black "Malan, Benita Helena"]
[Result "1-0"]
[Termination "normal"]
[Board "21"]
[WhiteElo "923"]
[BlackElo "738"]
[WhiteClock "01:19:33"]
[BlackClock "00:56:14"]
[PlyCount "89"]
[WhiteFideId "34675140"]
[EventCountry "GER"]
[EventRounds "11"]
[EventType "swiss"]
[EventDate "2024.05.18"]

1. e4 {[%clk 01:15:59]} e5 {[%clk 01:15:47]} {[%emt 00:00:13]} 2. Nf3 {[%clk
01:16:26]} {[%emt 00:00:03]} Nc6 {[%clk 01:16:07]} {[%emt 00:00:10]} 3. Bc4
{[%clk 01:16:53]} {[%emt 00:00:04]} Bc5 {[%clk 01:16:23]} {[%emt 00:00:13]} 4.
Nc3 {[%clk 01:17:17]} {[%emt 00:00:06]} Nf6 {[%clk 01:16:42]} {[%emt 00:00:10]}
5. d3 {[%clk 01:17:42]} {[%emt 00:00:06]} d6 {[%clk 01:16:49]} {[%emt
00:00:23]} 6. Bg5 {[%clk 01:18:06]} {[%emt 00:00:07]} h6 {[%clk 01:16:57]}
{[%emt 00:00:21]} 7. Bxf6 {[%clk 01:18:30]} {[%emt 00:00:07]} Qxf6 {[%clk
01:15:24]} {[%emt 00:02:02]} 8. Nd5 {[%clk 01:18:52]} {[%emt 00:00:09]} Qd8
{[%clk 01:15:37]} {[%emt 00:00:13]} 9. c3 {[%clk 01:18:55]} {[%emt 00:00:30]}
Be6 {[%clk 01:14:42]} {[%emt 00:01:24]} 10. d4 {[%clk 01:19:06]} {[%emt
00:00:21]} O-O {[%emt 00:00:45]} 11. dxc5 {[%emt 00:00:11]} dxc5 {[%clk
01:13:59]} {[%emt 00:00:16]} 12. Bb5 {[%clk 01:18:57]} {[%emt 00:00:40]} a6
{[%clk 01:13:22]} {[%emt 00:01:07]} 13. Bxc6 {[%clk 01:19:14]} {[%emt
00:00:13]} bxc6 {[%clk 01:13:41]} {[%emt 00:00:10]} 14. Ne3 {[%clk 01:19:31]}
{[%emt 00:00:13]} Qb8 {[%emt 00:01:12]} 15. b3 {[%emt 00:00:33]} c4 {[%clk
01:11:45]} {[%emt 00:00:40]} 16. bxc4 {[%clk 01:19:41]} {[%emt 00:00:22]} Qb2
{[%clk 01:11:07]} {[%emt 00:01:06]} 17. Qc1 {[%clk 01:19:40]} {[%emt 00:00:32]}
Rab8 {[%clk 01:10:12]} {[%emt 00:01:24]} 18. Qxb2 {[%clk 01:20:01]} {[%emt
00:00:11]} Rxb2 {[%clk 01:10:27]} {[%emt 00:00:14]} 19. Nxe5 {[%clk 01:20:12]}
{[%emt 00:00:19]} Rd8 {[%clk 01:09:27]} {[%emt 00:01:29]} 20. O-O {[%clk
01:20:17]} {[%emt 00:00:27]} Re8 {[%clk 01:02:43]} {[%emt 00:07:12]} 21. Rfb1
{[%clk 01:19:48]} {[%emt 00:01:00]} Re2 {[%clk 01:01:24]} {[%emt 00:01:48]} 22.
Nxc6 {[%clk 01:19:35]} {[%emt 00:00:44]} Bd7 {[%clk 01:01:19]} {[%emt
00:00:32]} 23. Nd4 {[%clk 01:19:54]} {[%emt 00:00:14]} Rd2 {[%clk 01:00:38]}
{[%emt 00:01:10]} 24. Nf3 {[%clk 01:19:56]} {[%emt 00:00:29]} Rd3 {[%clk
01:00:42]} {[%emt 00:00:25]} 25. Rd1 {[%clk 01:19:35]} {[%emt 00:00:52]} Rxc3
{[%emt 00:01:18]} 26. Rxd7 {[%clk 01:19:54]} {[%emt 00:00:02]} Rb8 {[%clk
00:59:50]} {[%emt 00:00:31]} 27. Nd5 {[%clk 01:19:37]} {[%emt 00:00:58]} Ra3
{[%clk 00:59:53]} {[%emt 00:00:26]} 28. Ne7+ {[%clk 01:19:48]} {[%emt
00:00:21]} Kh8 {[%emt 00:00:13]} 29. Ne5 {[%emt 00:00:16]} Ra4 {[%clk
00:59:35]} {[%emt 00:00:19]} 30. Nxf7+ {[%clk 01:19:37]} {[%emt 00:00:42]} Kh7
{[%clk 00:59:41]} {[%emt 00:00:21]} 31. g3 {[%clk 01:19:46]} {[%emt 00:00:23]}
Rab4 {[%clk 01:00:06]} {[%emt 00:00:03]} 32. Nd5 {[%clk 01:19:01]} {[%emt
00:01:17]} Rb2 {[%clk 01:00:17]} {[%emt 00:00:17]} 33. Ne5 {[%clk 01:18:36]}
{[%emt 00:00:57]} Rd2 {[%clk 01:00:25]} {[%emt 00:00:19]} 34. Nf6+ {[%clk
01:18:53]} {[%emt 00:00:16]} Kh8 {[%emt 00:00:14]} 35. Rxd2 {[%emt 00:00:12]}
c5 {[%emt 00:00:13]} 36. Nfd7 {[%emt 00:00:18]} Rg8 {[%emt 00:00:17]} 37. Ng6+
{[%emt 00:00:32]} Kh7 {[%emt 00:00:12]} 38. Ne7 {[%emt 00:00:17]} Re8 {[%emt
00:00:38]} 39. Nd5 {[%emt 00:00:38]} Rxe4 {[%clk 00:56:34]} {[%emt 00:00:49]}
40. N5f6+ {[%clk 01:18:54]} {[%emt 00:00:29]} gxf6 {[%clk 00:56:51]} {[%emt
00:00:14]} 41. Nxf6+ {[%clk 01:19:11]} {[%emt 00:00:13]} Kh8 {[%emt 00:00:10]}
42. Nxe4 {[%emt 00:00:33]} a5 {[%clk 00:56:14]} {[%emt 00:00:24]} 43. Rd7
{[%clk 01:19:33]} {[%emt 00:00:08]} Kg8 {[%emt 00:00:10]} 44. Rb1 {[%emt
00:00:17]} Kf8 {[%emt 00:00:11]} 45. Rb8# {[%clk 01:19:33]} {[%emt 00:00:19]}
1-0

[Event "DEM U10w 2024"]
[Site "Willingen GER"]
[Date "2024.05.20"]
[Round "4"]
[White "Shynkar, Daria"]
[Black "Chen, Yuefan"]
[Result "1-0"]
[Termination "normal"]
[Board "1"]
[WhiteElo "1661"]
[BlackElo "1682"]
[WhiteClock "00:59:48"]
[BlackClock "01:03:27"]
[PlyCount "87"]
[WhiteFideId "34163212"]
[BlackFideId "34653910"]
[EventCountry "GER"]
[EventRounds "11"]
[EventType "swiss"]
[EventDate "2024.05.18"]

1. d4 {[%clk 01:15:59]} {[%emt 00:00:01]} Nf6 {[%clk 01:15:56]} {[%emt
00:00:04]} 2. c4 {[%clk 01:16:23]} {[%emt 00:00:05]} e6 {[%clk 01:16:23]}
{[%emt 00:00:04]} 3. Nc3 {[%clk 01:16:46]} {[%emt 00:00:06]} Bb4 {[%clk
01:16:40]} {[%emt 00:00:14]} 4. e3 {[%clk 01:17:11]} {[%emt 00:00:04]} d5
{[%clk 01:16:53]} {[%emt 00:00:18]} 5. Nf3 {[%clk 01:15:45]} {[%emt 00:01:55]}
Nbd7 {[%clk 01:17:02]} {[%emt 00:00:21]} 6. a3 {[%clk 01:15:10]} {[%emt
00:01:06]} Bxc3+ {[%clk 01:17:24]} {[%emt 00:00:07]} 7. bxc3 {[%clk 01:15:37]}
{[%emt 00:00:03]} c5 {[%clk 01:17:22]} {[%emt 00:00:32]} 8. cxd5 {[%clk
01:13:14]} {[%emt 00:02:52]} Nxd5 {[%clk 01:17:16]} {[%emt 00:00:36]} 9. Bd2
{[%clk 01:12:14]} {[%emt 00:01:30]} O-O {[%clk 01:16:14]} {[%emt 00:01:34]} 10.
Bd3 {[%clk 01:10:26]} {[%emt 00:02:17]} b6 {[%clk 01:14:44]} {[%emt 00:02:01]}
11. e4 {[%clk 01:10:29]} {[%emt 00:00:25]} N5f6 {[%clk 01:14:40]} {[%emt
00:00:36]} 12. e5 {[%clk 01:10:46]} {[%emt 00:00:13]} Nd5 {[%clk 01:14:15]}
{[%emt 00:00:55]} 13. Bxh7+ {[%clk 01:10:55]} {[%emt 00:00:21]} Kh8 {[%clk
01:10:24]} {[%emt 00:04:21]} 14. Ng5 {[%clk 01:10:04]} {[%emt 00:01:20]} g6
{[%clk 01:09:14]} {[%emt 00:01:40]} 15. Qg4 {[%clk 01:09:07]} {[%emt 00:01:25]}
Kg7 {[%clk 01:09:02]} {[%emt 00:00:44]} 16. Bxg6 {[%clk 01:06:12]} {[%emt
00:03:25]} Nxe5 {[%clk 01:05:24]} {[%emt 00:04:08]} 17. dxe5 {[%clk 01:04:19]}
{[%emt 00:02:22]} fxg6 {[%clk 01:05:42]} {[%emt 00:00:13]} 18. h4 {[%clk
01:02:31]} {[%emt 00:02:18]} Qc7 {[%clk 01:03:16]} {[%emt 00:02:57]} 19. f4
{[%clk 00:56:57]} {[%emt 00:06:03]} Bd7 {[%clk 00:59:53]} {[%emt 00:03:52]} 20.
h5 {[%clk 00:57:04]} {[%emt 00:00:22]} Rh8 {[%clk 00:58:56]} {[%emt 00:01:29]}
21. Nxe6+ {[%clk 00:55:42]} {[%emt 00:01:52]} Bxe6 {[%clk 00:59:00]} {[%emt
00:00:27]} 22. Qxg6+ {[%clk 00:56:04]} {[%emt 00:00:07]} Kf8 {[%clk 00:58:54]}
{[%emt 00:00:36]} 23. Qxe6 {[%clk 00:56:22]} {[%emt 00:00:11]} Rd8 {[%clk
00:58:22]} {[%emt 00:01:04]} 24. c4 {[%clk 00:54:18]} {[%emt 00:02:34]} Ne7
{[%clk 00:58:24]} {[%emt 00:00:27]} 25. Qf6+ {[%clk 00:54:37]} {[%emt
00:00:10]} Kg8 {[%clk 00:58:30]} {[%emt 00:00:25]} 26. Rh3 {[%clk 00:54:45]}
{[%emt 00:00:13]} Rh7 {[%clk 00:58:37]} {[%emt 00:00:32]} 27. Rg3+ {[%clk
00:55:09]} {[%emt 00:00:06]} Ng6 {[%clk 00:59:00]} {[%emt 00:00:08]} 28. Rxg6+
{[%clk 00:55:19]} {[%emt 00:00:20]} Rg7 {[%clk 00:59:20]} {[%emt 00:00:09]} 29.
Rxg7+ {[%clk 00:55:34]} {[%emt 00:00:15]} Qxg7 {[%clk 00:59:42]} {[%emt
00:00:08]} 30. Qxd8+ {[%clk 00:55:59]} {[%emt 00:00:06]} Kh7 {[%clk 01:00:06]}
{[%emt 00:00:04]} 31. Kf2 {[%clk 00:56:05]} {[%emt 00:00:20]} Qg8 {[%clk
00:59:34]} {[%emt 00:01:08]} 32. Qxg8+ {[%clk 00:56:22]} {[%emt 00:00:13]} Kxg8
{[%clk 00:59:59]} {[%emt 00:00:05]} 33. Bc3 {[%clk 00:56:15]} {[%emt 00:00:36]}
Kf7 {[%clk 01:00:18]} {[%emt 00:00:11]} 34. f5 {[%clk 00:56:37]} {[%emt
00:00:08]} Kf8 {[%clk 01:00:39]} {[%emt 00:00:10]} 35. h6 {[%clk 00:56:50]}
{[%emt 00:00:16]} Kg8 {[%clk 01:01:04]} {[%emt 00:00:05]} 36. f6 {[%clk
00:57:03]} {[%emt 00:00:17]} a5 {[%clk 01:01:21]} {[%emt 00:00:13]} 37. Rd1
{[%clk 00:57:27]} {[%emt 00:00:06]} a4 {[%clk 01:01:41]} {[%emt 00:00:11]} 38.
Rd7 {[%clk 00:57:52]} {[%emt 00:00:04]} b5 {[%clk 01:01:40]} {[%emt 00:00:32]}
39. h7+ {[%clk 00:58:15]} {[%emt 00:00:04]} Kh8 {[%clk 01:02:02]} {[%emt
00:00:11]} 40. e6 {[%clk 00:58:35]} {[%emt 00:00:09]} bxc4 {[%clk 01:02:17]}
{[%emt 00:00:16]} 41. f7+ {[%clk 00:58:51]} {[%emt 00:00:12]} Kxh7 {[%clk
01:02:40]} {[%emt 00:00:08]} 42. f8=Q+ {[%clk 00:59:04]} {[%emt 00:00:17]} Kg6
{[%clk 01:03:03]} {[%emt 00:00:07]} 43. Rg7+ {[%clk 00:59:22]} {[%emt
00:00:11]} Kh5 {[%clk 01:03:27]} {[%emt 00:00:06]} 44. Qh8# {[%clk 00:59:48]}
{[%emt 00:00:05]} 1-0

[Event "DEM U10w 2024"]
[Site "Willingen GER"]
[Date "2024.05.20"]
[Round "4"]
[White "Lukas, Olivia"]
[Black "Tu, Tiffany"]
[Result "0-1"]
[Termination "normal"]
[Board "2"]
[WhiteElo "1569"]
[BlackElo "1618"]
[WhiteClock "00:55:20"]
[BlackClock "00:27:29"]
[PlyCount "64"]
[WhiteFideId "34632239"]
[BlackFideId "34628576"]
[EventCountry "GER"]
[EventRounds "11"]
[EventType "swiss"]
[EventDate "2024.05.18"]

1. e4 {[%clk 01:15:44]} {[%emt 00:00:15]} e5 {[%clk 01:15:53]} {[%emt
00:00:08]} 2. Nf3 {[%clk 01:16:10]} {[%emt 00:00:04]} Nc6 {[%clk 01:16:15]}
{[%emt 00:00:08]} 3. Bc4 {[%clk 01:16:34]} {[%emt 00:00:06]} Nf6 {[%clk
01:16:37]} {[%emt 00:00:07]} 4. d3 {[%clk 01:17:01]} {[%emt 00:00:04]} Bc5
{[%clk 01:16:59]} {[%emt 00:00:08]} 5. c3 {[%clk 01:17:25]} {[%emt 00:00:05]}
d6 {[%clk 01:17:23]} {[%emt 00:00:06]} 6. O-O {[%clk 01:17:45]} {[%emt
00:00:11]} h6 {[%clk 01:17:11]} {[%emt 00:00:41]} 7. Re1 {[%clk 01:18:08]}
{[%emt 00:00:08]} g5 {[%clk 01:17:02]} {[%emt 00:00:39]} 8. Be3 {[%clk
01:17:46]} {[%emt 00:00:52]} Bb6 {[%clk 01:17:22]} {[%emt 00:00:10]} 9. a4
{[%clk 01:16:37]} {[%emt 00:01:39]} g4 {[%clk 01:14:23]} {[%emt 00:03:28]} 10.
Nfd2 {[%clk 01:16:05]} {[%emt 00:01:03]} h5 {[%clk 01:13:13]} {[%emt 00:01:40]}
11. Qb3 {[%clk 01:14:08]} {[%emt 00:02:27]} Qe7 {[%clk 01:13:06]} {[%emt
00:00:35]} 12. Qc2 {[%clk 01:13:37]} {[%emt 00:01:03]} h4 {[%emt 00:01:50]} 13.
b4 {[%clk 01:11:33]} {[%emt 00:02:22]} g3 {[%clk 01:08:05]} {[%emt 00:04:23]}
14. h3 {[%clk 01:11:13]} {[%emt 00:00:49]} gxf2+ {[%clk 01:05:30]} {[%emt
00:03:06]} 15. Bxf2 {[%clk 01:10:58]} {[%emt 00:00:44]} Rg8 {[%clk 01:03:48]}
{[%emt 00:02:12]} 16. Bxb6 {[%clk 01:10:53]} {[%emt 00:00:36]} axb6 {[%clk
01:03:54]} {[%emt 00:00:23]} 17. Nf3 {[%clk 01:10:55]} {[%emt 00:00:29]} Bxh3
{[%clk 01:02:15]} {[%emt 00:02:09]} 18. Re2 {[%clk 01:09:56]} {[%emt 00:01:29]}
Nh5 {[%clk 01:00:45]} {[%emt 00:02:00]} 19. Kh2 {[%clk 01:09:54]} {[%emt
00:00:31]} Bg4 {[%clk 00:59:11]} {[%emt 00:02:04]} 20. Nbd2 {[%clk 01:08:35]}
{[%emt 00:01:49]} Nf4 {[%clk 00:58:07]} {[%emt 00:01:33]} 21. Rf2 {[%clk
01:08:19]} {[%emt 00:00:48]} Qf6 {[%clk 00:53:31]} {[%emt 00:05:06]} 22. Raf1
{[%clk 01:05:10]} {[%emt 00:03:39]} Bh5 {[%clk 00:43:26]} {[%emt 00:10:34]} 23.
Bb3 {[%clk 01:04:00]} {[%emt 00:01:40]} Qg7 {[%clk 00:41:14]} {[%emt 00:02:41]}
24. Nc4 {[%clk 01:03:24]} {[%emt 00:01:07]} Qg3+ {[%clk 00:40:24]} {[%emt
00:01:20]} 25. Kh1 {[%clk 01:03:13]} {[%emt 00:00:42]} h3 {[%clk 00:40:05]}
{[%emt 00:00:49]} 26. gxh3 {[%clk 01:00:01]} {[%emt 00:03:42]} Qxh3+ {[%clk
00:34:20]} {[%emt 00:06:14]} 27. Nh2 {[%clk 00:59:38]} {[%emt 00:00:53]} O-O-O
{[%clk 00:30:45]} {[%emt 00:04:06]} 28. b5 {[%clk 00:57:23]} {[%emt 00:02:45]}
Ne7 {[%clk 00:28:24]} {[%emt 00:02:50]} 29. Nb2 {[%clk 00:56:57]} {[%emt
00:00:57]} Rg3 {[%clk 00:27:03]} {[%emt 00:01:51]} 30. Bc4 {[%clk 00:56:49]}
{[%emt 00:00:38]} Rdg8 {[%clk 00:27:03]} {[%emt 00:00:30]} 31. Qd2 {[%clk
00:55:55]} {[%emt 00:01:24]} Rg2 {[%clk 00:27:11]} {[%emt 00:00:22]} 32. Qc2
{[%clk 00:55:20]} {[%emt 00:01:05]} Qxh2# {[%clk 00:27:29]} {[%emt 00:00:11]}
0-1